000 00584nam a2200229Ia 4500
003 OSt
005 20220918180000.0
006 a|||||r|||| 00| 0
007 ta
008 220917b |||||||| |||| 00| 0 eng d
024 _a20,110
037 _cTextual
040 _aARTS
_cARTS
_beng
041 _2eng
_aeng
082 _aO:3:9N0, J0
100 _aSavage D S
_955391
245 0 _aWithered branch
_b Six studies in the modern novel
260 _c1950
650 _aENGLISH LITERATURE
942 _hO:3:9N0, J0
_cTEXL
_2CC
999 _c159866
_d159866